[Event "EYCC Open-U16 2019"]
[Site "Bratislava"]
[Date "2019.08.06"]
[Round "5.12"]
[White "Ognean, Mihnea-Ionut"]
[Black "Briem, Stephan"]
[Result "1-0"]
[WhiteElo "2287"]
[BlackElo "2223"]
[Annotator "NA"]
[PlyCount "63"]
[EventDate "2019.08.02"]
[EventType "swiss"]
[EventCountry "SVK"]
[SourceTitle "playchess.com"]
[Source "ChessBase"]
[SourceQuality "1"]
[TimeControl "40/5400+30:1800+30"]

1. e4 {[%emt 0:00:00]} d5 {[%emt 0:00:00]} 2. exd5 {[%emt 0:00:00]} Qxd5 {[%emt 0:00:22]} 3. Nc3 {[%emt 0:00:00]} Qd6 {[%emt 0:00:33]} 4. d4 {[%emt 0:00:18]} Nf6 {[%emt 0:00:28]} 5. Nf3 {[%emt 0:00:25]} c6 {[%emt 0:00:24]} 6. g3 {[%emt 0:01:20]} Bf5 {[%emt 0:01:10]} 7. Bg2 {[%emt 0:00:09]} h6 {[%emt 0:01:00]} 8. O-O {[%emt 0:00:51]} e6 {[%emt 0:00:39]} 9. Ne2 {[%emt 0:07:22]} Be7 {[%emt 0:07:01]} 10. c4 {[%emt 0:04:53]} O-O {[%emt 0:03:52]} 11. a3 {[%emt 0:05:40]} Qd8 {[%emt 0:06:26]} 12. Nc3 {[%emt 0:05:31]} Nbd7 {[%emt 0:02:13]} 13. Re1 {[%emt 0:04:17]} Rc8 {[%emt 0:11:00]} 14. Bf4 {[%emt 0:13:16]} a6 {[%emt 0:08:34]} 15. Qe2 {[%emt 0:07:46]} b5 {[%emt 0:07:53]} 16. Ne5 {[%emt 0:20:00]} Nxe5 {[%emt 0:11:13]} 17. dxe5 {[%emt 0:00:09]} Nd7 {[%emt 0:00:52]} 18. Rad1 {[%emt 0:01:18]} Qc7 {[%emt 0:00:50]} 19. h4 {[%emt 0:02:03]} Nb6 {[%emt 0:01:48]} 20. Be4 {[%emt 0:10:52]} Bxe4 {[%emt 0:21:55]} 21. Nxe4 {[%emt 0:00:03]} Nxc4 {[%emt 0:06:07]} 22. Nf6+ {[%emt 0:01:07]} Kh8 {[%emt 0:01:33]} 23. Rd7 {[%emt 0:01:04]} Qxd7 {[%emt 0:02:48]} 24. Nxd7 {[%emt 0:00:03]} Rfd8 {[%emt 0:00:07]} 25. Rd1 {[%emt 0:00:49]} Rc7 {[%emt 0:00:28]} 26. Nc5 {[%emt 0:01:26]} Rxd1+ {[%emt 0:01:01]} 27. Qxd1 {[%emt 0:00:03]} Nxb2 {[%emt 0:00:09]} 28. Qd4 {[%emt 0:00:40]} Nc4 {[%emt 0:00:53]} 29. a4 {[%emt 0:01:12]} Na5 {[%emt 0:01:41]} 30. Bd2 {[%emt 0:01:17]} Nc4 {[%emt 0:00:36]} 31. Nxa6 {[%emt 0:01:51]} Rb7 {[%emt 0:00:11]} 32. Bb4 {[%emt 0:00:35]} 1-0

[Event "EYCC Open-U16 2019"]
[Site "Bratislava"]
[Date "2019.08.06"]
[Round "5.13"]
[White "Malovanyi, Yulian"]
[Black "Haring, Filip"]
[Result "1-0"]
[WhiteElo "2204"]
[BlackElo "2334"]
[Annotator "NA"]
[PlyCount "115"]
[EventDate "2019.08.02"]
[EventType "swiss"]
[EventCountry "SVK"]
[SourceTitle "playchess.com"]
[Source "ChessBase"]
[SourceQuality "1"]
[TimeControl "40/5400+30:1800+30"]

1. e4 {[%emt 0:00:00]} c5 {[%emt 0:00:00]} 2. Nf3 {[%emt 0:00:00]} Nc6 {[%emt 0:00:20]} 3. Bb5 {[%emt 0:01:47]} g6 {[%emt 0:01:22]} 4. Bxc6 {[%emt 0:00:12]} bxc6 {[%emt 0:00:21]} 5. O-O {[%emt 0:01:23]} Bg7 {[%emt 0:00:24]} 6. h3 {[%emt 0:07:54]} Nh6 {[%emt 0:01:39]} 7. c3 {[%emt 0:02:48]} O-O {[%emt 0:03:02]} 8. d4 {[%emt 0:00:28]} Qb6 {[%emt 0:00:27]} 9. Na3 {[%emt 0:06:57]} Ba6 {[%emt 0:08:52]} 10. Re1 {[%emt 0:00:10]} cxd4 {[%emt 0:08:49]} 11. cxd4 {[%emt 0:02:20]} c5 {[%emt 0:07:05]} 12. dxc5 {[%emt 0:08:12]} Qxc5 {[%emt 0:07:48]} 13. Be3 {[%emt 0:10:34]} Qh5 {[%emt 0:01:55]} 14. Bd4 {[%emt 0:06:17]} f6 {[%emt 0:13:28]} 15. Qa4 {[%emt 0:03:15]} Bc8 {[%emt 0:00:05]} 16. Nb5 {[%emt 0:02:06]} g5 {[%emt 0:09:21]} 17. Nxa7 {[%emt 0:05:45]} Kh8 {[%emt 0:15:58]} 18. Qb5 {[%emt 0:02:53]} e5 {[%emt 0:04:34]} 19. Nxc8 {[%emt 0:04:42]} Raxc8 {[%emt 0:02:29]} 20. Be3 {[%emt 0:01:19]} g4 {[%emt 0:00:51]} 21. Bxh6 {[%emt 0:04:48]} Bxh6 {[%emt 0:01:27]} 22. hxg4 {[%emt 0:00:49]} Qxg4 {[%emt 0:00:30]} 23. Nh2 {[%emt 0:01:33]} Qg7 {[%emt 0:05:43]} 24. Rad1 {[%emt 0:01:47]} Bf4 {[%emt 0:01:49]} 25. Nf1 {[%emt 0:03:12]} Rg8 {[%emt 0:01:00]} 26. g3 {[%emt 0:00:24]} Rc2 {[%emt 0:00:59]} 27. Rxd7 {[%emt 0:07:29]} Qh6 {[%emt 0:01:25]} 28. Rd3 {[%emt 0:03:45]} Qg5 {[%emt 0:01:15]} 29. Red1 {[%emt 0:01:38]} f5 {[%emt 0:00:49]} 30. Qb7 {[%emt 0:05:54]} Re2 {[%emt 0:00:39]} 31. Rd7 {[%emt 0:01:12]} Qh6 {[%emt 0:00:03]} 32. Rd8 {[%emt 0:00:42]} Bg5 {[%emt 0:00:55]} 33. Rxg8+ {[%emt 0:00:15]} Kxg8 {[%emt 0:00:04]} 34. Qd5+ {[%emt 0:01:01]} Kf8 {[%emt 0:00:41]} 35. Qc5+ {[%emt 0:00:39]} Be7 {[%emt 0:00:19]} 36. Qc8+ {[%emt 0:01:31]} Kg7 {[%emt 0:00:15]} 37. Qxf5 {[%emt 0:01:52]} Rxb2 {[%emt 0:00:05]} 38. Ne3 {[%emt 0:00:42]} Qf6 {[%emt 0:01:26]} 39. Rd7 {[%emt 0:00:28]} Kh8 {[%emt 0:00:36]} 40. Qxf6+ {[%emt 0:00:00]} Bxf6 {[%emt 0:00:00]} 41. Rf7 {[%emt 0:03:53]} Bg5 {[%emt 0:02:52]} 42. Ng4 {[%emt 0:11:26]} Rxa2 {[%emt 0:01:57]} 43. Rf5 {[%emt 0:00:52]} Bd2 {[%emt 0:02:42]} 44. Rxe5 {[%emt 0:00:34]} Bc3 {[%emt 0:01:03]} 45. Rc5 {[%emt 0:00:47]} Bd4 {[%emt 0:00:19]} 46. Rd5 {[%emt 0:00:04]} Bb6 {[%emt 0:03:02]} 47. Kg2 {[%emt 0:00:35]} Kg8 {[%emt 0:01:48]} 48. Rf5 {[%emt 0:01:48]} Kg7 {[%emt 0:00:40]} 49. Kh3 {[%emt 0:02:43]} Re2 {[%emt 0:01:17]} 50. f3 {[%emt 0:00:21]} Re1 {[%emt 0:00:27]} 51. Nf6 {[%emt 0:02:38]} Kg6 {[%emt 0:01:08]} 52. Kg4 {[%emt 0:01:03]} Rh1 {[%emt 0:01:01]} 53. Nh5 {[%emt 0:00:38]} Bd8 {[%emt 0:02:13]} 54. Nf4+ {[%emt 0:00:26]} Kh6 {[%emt 0:00:07]} 55. Rh5+ {[%emt 0:04:05]} Rxh5 {[%emt 0:00:35]} 56. Nxh5 {[%emt 0:00:06]} Bg5 {[%emt 0:00:00]} 57. f4 {[%emt 0:00:28]} Bd8 {[%emt 0:00:00]} 58. e5 {[%emt 0:01:54]} 1-0

[Event "EYCC Open-U16 2019"]
[Site "Bratislava"]
[Date "2019.08.06"]
[Round "5.14"]
[White "Kacharava, Nikolozi"]
[Black "Timoshin, Andrei"]
[Result "1-0"]
[WhiteElo "2431"]
[BlackElo "2154"]
[Annotator "NA"]
[PlyCount "84"]
[EventDate "2019.08.02"]
[EventType "swiss"]
[EventCountry "SVK"]
[SourceTitle "playchess.com"]
[Source "ChessBase"]
[SourceQuality "1"]
[TimeControl "40/5400+30:1800+30"]

1. e4 {[%emt 0:00:00]} c5 {[%emt 0:00:00]} 2. Nf3 {[%emt 0:00:00]} Nc6 {[%emt 0:00:11]} 3. d4 {[%emt 0:00:28]} cxd4 {[%emt 0:00:07]} 4. Nxd4 {[%emt 0:00:27]} Nf6 {[%emt 0:00:14]} 5. Nc3 {[%emt 0:00:43]} e5 {[%emt 0:00:13]} 6. Ndb5 {[%emt 0:00:41]} d6 {[%emt 0:00:20]} 7. Bg5 {[%emt 0:00:43]} a6 {[%emt 0:00:13]} 8. Na3 {[%emt 0:00:36]} b5 {[%emt 0:00:09]} 9. Nd5 {[%emt 0:00:39]} Be7 {[%emt 0:00:12]} 10. Bxf6 {[%emt 0:00:38]} Bxf6 {[%emt 0:00:03]} 11. c3 {[%emt 0:00:33]} O-O {[%emt 0:00:28]} 12. Nc2 {[%emt 0:00:46]} Bg5 {[%emt 0:00:26]} 13. a4 {[%emt 0:01:35]} bxa4 {[%emt 0:00:11]} 14. Rxa4 {[%emt 0:02:38]} a5 {[%emt 0:00:28]} 15. h4 {[%emt 0:01:57]} Bh6 {[%emt 0:01:35]} 16. Bc4 {[%emt 0:01:25]} Kh8 {[%emt 0:04:27]} 17. Nce3 {[%emt 0:03:03]} Bxe3 {[%emt 0:04:15]} 18. Nxe3 {[%emt 0:02:28]} Rb8 {[%emt 0:01:31]} 19. b3 {[%emt 0:07:54]} Ne7 {[%emt 0:15:07]} 20. O-O {[%emt 0:08:11]} g6 {[%emt 0:18:56]} 21. Nd5 {[%emt 0:20:13]} Nxd5 {[%emt 0:08:45]} 22. Bxd5 {[%emt 0:07:36]} Qxh4 {[%emt 0:21:05]} 23. Rxa5 {[%emt 0:00:45]} h5 {[%emt 0:03:54]} 24. Ra7 {[%emt 0:04:24]} Qf6 {[%emt 0:00:46]} 25. b4 {[%emt 0:06:34]} Kg7 {[%emt 0:00:59]} 26. Qd2 {[%emt 0:06:20]} g5 {[%emt 0:01:00]} 27. Rfa1 {[%emt 0:04:15]} h4 {[%emt 0:01:40]} 28. Rc7 {[%emt 0:01:56]} Bg4 {[%emt 0:02:03]} 29. Raa7 {[%emt 0:05:51]} Bh5 {[%emt 0:00:10]} 30. c4 {[%emt 0:02:39]} g4 {[%emt 0:08:06]} 31. b5 {[%emt 0:00:54]} h3 {[%emt 0:01:54]} 32. Qe3 {[%emt 0:01:53]} hxg2 {[%emt 0:02:56]} 33. Kxg2 {[%emt 0:00:27]} Bg6 {[%emt 0:00:20]} 34. Rd7 {[%emt 0:05:02]} Rbd8 {[%emt 0:01:38]} 35. Rxd8 {[%emt 0:00:35]} Rxd8 {[%emt 0:01:47]} 36. Ra8 {[%emt 0:00:26]} Rxa8 {[%emt 0:01:12]} 37. Bxa8 {[%emt 0:00:04]} Qd8 {[%emt 0:00:32]} 38. Bd5 {[%emt 0:01:17]} Qh8 {[%emt 0:00:32]} 39. b6 {[%emt 0:00:40]} Kf6 {[%emt 0:00:30]} 40. b7 {[%emt 0:00:00]} Qb8 {[%emt 0:00:00]} 41. Qa3 {[%emt 0:01:48]} Qh8 {[%emt 0:02:41]} 42. Qxd6+ {[%emt 0:01:42]} Kg5 {[%emt 0:00:02]} 1-0

[Event "EYCC Open-U16 2019"]
[Site "Bratislava"]
[Date "2019.08.06"]
[Round "5.15"]
[White "Remizov, Yaroslav"]
[Black "Bin-Suhayl, Ieysaa"]
[Result "1-0"]
[WhiteElo "2357"]
[BlackElo "2084"]
[Annotator "NA"]
[PlyCount "111"]
[EventDate "2019.08.02"]
[EventType "swiss"]
[EventCountry "SVK"]
[SourceTitle "playchess.com"]
[Source "ChessBase"]
[SourceQuality "1"]
[TimeControl "40/5400+30:1800+30"]

1. e4 {[%emt 0:00:00]} c5 {[%emt 0:00:00]} 2. Nf3 {[%emt 0:00:00]} e6 {[%emt 0:00:00]} 3. d4 {[%emt 0:00:00]} cxd4 4. Nxd4 {[%emt 0:00:00]} Nc6 {[%emt 0:00:00]} 5. Nc3 {[%emt 0:01:08]} a6 {[%emt 0:00:00]} 6. Be2 {[%emt 0:01:39]} Qc7 {[%emt 0:00:00]} 7. O-O {[%emt 0:00:17]} Nf6 {[%emt 0:00:00]} 8. Be3 {[%emt 0:00:17]} Bb4 {[%emt 0:00:01]} 9. Na4 {[%emt 0:04:53]} Be7 {[%emt 0:00:08]} 10. Nxc6 {[%emt 0:01:05]} bxc6 {[%emt 0:00:05]} 11. Nb6 {[%emt 0:00:05]} Rb8 {[%emt 0:00:02]} 12. Nxc8 {[%emt 0:00:07]} Qxc8 {[%emt 0:00:03]} 13. Bd4 {[%emt 0:01:10]} c5 {[%emt 0:00:04]} 14. Be5 {[%emt 0:00:30]} Rb6 {[%emt 0:00:04]} 15. b3 {[%emt 0:01:35]} Nxe4 {[%emt 0:00:53]} 16. Bxg7 {[%emt 0:07:58]} Rg8 {[%emt 0:00:07]} 17. Be5 {[%emt 0:01:40]} Bd6 {[%emt 0:00:04]} 18. Bxd6 {[%emt 0:09:15]} Rxd6 {[%emt 0:00:05]} 19. Bd3 {[%emt 0:00:12]} Qc6 {[%emt 0:04:11]} 20. Qf3 {[%emt 0:01:14]} Nf6 {[%emt 0:00:09]} 21. Qxc6 {[%emt 0:13:40]} Rxc6 {[%emt 0:00:01]} 22. Rfe1 {[%emt 0:04:59]} Ke7 {[%emt 0:18:49]} 23. f3 {[%emt 0:05:06]} d5 {[%emt 0:01:47]} 24. Kf2 {[%emt 0:05:10]} Rd8 {[%emt 0:07:45]} 25. c4 {[%emt 0:08:06]} d4 {[%emt 0:00:28]} 26. g4 {[%emt 0:05:25]} h6 {[%emt 0:01:08]} 27. h4 {[%emt 0:08:01]} a5 {[%emt 0:02:30]} 28. g5 {[%emt 0:05:42]} hxg5 {[%emt 0:00:04]} 29. hxg5 {[%emt 0:00:03]} Nh5 {[%emt 0:01:48]} 30. Re4 {[%emt 0:03:10]} Rb6 {[%emt 0:05:04]} 31. Rh1 {[%emt 0:07:17]} Ng7 {[%emt 0:00:02]} 32. Rh7 {[%emt 0:00:39]} Rg8 {[%emt 0:00:42]} 33. Re5 {[%emt 0:01:03]} Kd6 {[%emt 0:01:46]} 34. f4 {[%emt 0:00:03]} Rbb8 {[%emt 0:02:01]} 35. Kf3 {[%emt 0:03:20]} Rbf8 {[%emt 0:00:45]} 36. Rh6 {[%emt 0:00:23]} Ne8 {[%emt 0:03:06]} 37. Rd5+ {[%emt 0:00:56]} Kc6 {[%emt 0:00:16]} 38. Be4 {[%emt 0:00:39]} Rh8 {[%emt 0:14:48]} 39. Rf5+ {[%emt 0:01:55]} Kd6 {[%emt 0:01:26]} 40. Rxf7 {[%emt 0:00:00]} Rxf7 {[%emt 0:00:00]} 41. Rxh8 {[%emt 0:02:26]} Ke7 {[%emt 0:04:15]} 42. Bg6 {[%emt 0:10:20]} Rf8 {[%emt 0:00:03]} 43. Rxf8 {[%emt 0:01:11]} Kxf8 {[%emt 0:00:04]} 44. Bxe8 {[%emt 0:00:04]} Kxe8 {[%emt 0:00:04]} 45. Ke4 {[%emt 0:00:36]} Kf7 {[%emt 0:00:03]} 46. a3 {[%emt 0:00:51]} Kg6 {[%emt 0:00:04]} 47. b4 {[%emt 0:00:39]} axb4 {[%emt 0:00:04]} 48. axb4 {[%emt 0:00:03]} cxb4 {[%emt 0:00:04]} 49. Kxd4 {[%emt 0:01:15]} e5+ {[%emt 0:00:04]} 50. fxe5 {[%emt 0:00:03]} Kxg5 {[%emt 0:00:07]} 51. c5 {[%emt 0:00:04]} Kf5 {[%emt 0:00:02]} 52. c6 {[%emt 0:00:12]} Ke6 {[%emt 0:00:04]} 53. Kc4 {[%emt 0:00:06]} Ke7 {[%emt 0:00:03]} 54. Kxb4 {[%emt 0:00:05]} Kd8 {[%emt 0:00:03]} 55. e6 {[%emt 0:00:05]} Ke7 {[%emt 0:00:02]} 56. c7 {[%emt 0:00:04]} 1-0

[Event "EYCC Open-U16 2019"]
[Site "Bratislava"]
[Date "2019.08.06"]
[Round "5.16"]
[White "Jazdanovs, Aleksandrs"]
[Black "Veiga, Jose Francisco R P N"]
[Result "0-1"]
[WhiteElo "2238"]
[BlackElo "2357"]
[Annotator "NA"]
[PlyCount "58"]
[EventDate "2019.08.02"]
[EventType "swiss"]
[EventCountry "SVK"]
[SourceTitle "playchess.com"]
[Source "ChessBase"]
[SourceQuality "1"]
[TimeControl "40/5400+30:1800+30"]

1. e4 {[%emt 0:02:32]} e5 {[%emt 0:00:24]} 2. Nf3 {[%emt 0:00:06]} Nc6 {[%emt 0:00:08]} 3. Bb5 {[%emt 0:00:13]} a6 {[%emt 0:00:08]} 4. Ba4 {[%emt 0:00:05]} Nf6 {[%emt 0:00:09]} 5. O-O {[%emt 0:00:06]} Be7 {[%emt 0:00:05]} 6. Re1 {[%emt 0:00:30]} b5 {[%emt 0:00:32]} 7. Bb3 {[%emt 0:00:07]} d6 {[%emt 0:00:12]} 8. a4 {[%emt 0:00:26]} Bd7 {[%emt 0:01:33]} 9. c3 {[%emt 0:02:27]} Na5 {[%emt 0:01:16]} 10. Bc2 {[%emt 0:00:35]} c5 {[%emt 0:00:11]} 11. d4 {[%emt 0:01:51]} Qb8 {[%emt 0:00:32]} 12. Bg5 {[%emt 0:07:24]} Be6 {[%emt 0:02:06]} 13. d5 {[%emt 0:05:18]} Bd7 {[%emt 0:05:16]} 14. axb5 {[%emt 0:00:42]} axb5 {[%emt 0:00:20]} 15. Bxf6 {[%emt 0:07:01]} Bxf6 {[%emt 0:00:34]} 16. b4 {[%emt 0:00:05]} cxb4 {[%emt 0:07:08]} 17. cxb4 {[%emt 0:00:07]} Nc4 {[%emt 0:00:04]} 18. Nbd2 {[%emt 0:02:15]} Nxd2 {[%emt 0:07:13]} 19. Qxd2 {[%emt 0:03:52]} O-O {[%emt 0:02:06]} 20. Bd3 {[%emt 0:04:26]} Qb7 {[%emt 0:05:06]} 21. Qb2 {[%emt 0:05:53]} Rfc8 {[%emt 0:05:37]} 22. Nd2 {[%emt 0:02:10]} Bd8 {[%emt 0:00:23]} 23. Rxa8 {[%emt 0:01:03]} Rxa8 {[%emt 0:00:39]} 24. Ra1 {[%emt 0:00:35]} Bb6 {[%emt 0:01:21]} 25. Nb3 {[%emt 0:00:04]} Ra4 {[%emt 0:04:24]} 26. Rxa4 {[%emt 0:06:42]} bxa4 {[%emt 0:00:09]} 27. Nd2 {[%emt 0:00:01]} Bd4 {[%emt 0:00:51]} 28. Qa2 {[%emt 0:00:07]} Qxb4 {[%emt 0:00:31]} 29. Qb1 {[%emt 0:00:43]} Bxf2+ {[%emt 0:05:04]} 0-1

[Event "EYCC Open-U16 2019"]
[Site "Bratislava"]
[Date "2019.08.06"]
[Round "5.17"]
[White "Boyer, Mahel"]
[Black "Koziorowicz, Michal"]
[Result "1-0"]
[WhiteElo "2295"]
[BlackElo "1985"]
[Annotator "NA"]
[PlyCount "163"]
[EventDate "2019.08.02"]
[EventType "swiss"]
[EventCountry "SVK"]
[SourceTitle "playchess.com"]
[Source "ChessBase"]
[SourceQuality "1"]
[TimeControl "40/5400+30:1800+30"]

1. e4 {[%emt 0:00:00]} c5 {[%emt 0:00:00]} 2. d3 {[%emt 0:00:00]} g6 {[%emt 0:00:00]} 3. g3 {[%emt 0:00:00]} Bg7 {[%emt 0:00:03]} 4. Bg2 {[%emt 0:00:00]} Nc6 {[%emt 0:00:19]} 5. f4 {[%emt 0:00:00]} d6 {[%emt 0:00:18]} 6. Nf3 {[%emt 0:00:00]} e6 {[%emt 0:00:16]} 7. O-O {[%emt 0:00:00]} Nge7 {[%emt 0:00:07]} 8. c3 {[%emt 0:00:00]} O-O {[%emt 0:00:11]} 9. Be3 {[%emt 0:00:00]} f5 {[%emt 0:00:43]} 10. Nbd2 {[%emt 0:00:00]} b6 {[%emt 0:00:52]} 11. Re1 {[%emt 0:00:01]} Bb7 {[%emt 0:01:32]} 12. Qc2 {[%emt 0:00:14]} Qd7 {[%emt 0:00:34]} 13. Bf2 {[%emt 0:00:03]} Rac8 {[%emt 0:04:07]} 14. Rad1 {[%emt 0:00:11]} h6 {[%emt 0:02:10]} 15. a4 {[%emt 0:00:03]} Kh7 {[%emt 0:02:53]} 16. Nc4 {[%emt 0:00:05]} d5 {[%emt 0:18:27]} 17. exd5 {[%emt 0:00:27]} exd5 {[%emt 0:00:51]} 18. Nce5 {[%emt 0:00:04]} Qd6 {[%emt 0:01:05]} 19. Nxc6 {[%emt 0:06:49]} Nxc6 {[%emt 0:01:42]} 20. d4 {[%emt 0:00:07]} c4 {[%emt 0:06:20]} 21. Re3 {[%emt 0:00:28]} Rce8 {[%emt 0:12:26]} 22. Ne5 {[%emt 0:00:25]} Re6 {[%emt 0:03:17]} 23. Rde1 {[%emt 0:01:43]} Rfe8 {[%emt 0:00:58]} 24. h4 {[%emt 0:03:17]} Bxe5 {[%emt 0:07:53]} 25. dxe5 {[%emt 0:22:03]} Qd7 {[%emt 0:00:12]} 26. Rd1 {[%emt 0:00:02]} Ne7 {[%emt 0:04:09]} 27. Re2 {[%emt 0:04:36]} h5 {[%emt 0:06:26]} 28. Red2 {[%emt 0:00:46]} Bc6 {[%emt 0:04:07]} 29. Ra1 {[%emt 0:00:29]} Ra8 {[%emt 0:03:55]} 30. Qd1 {[%emt 0:00:06]} Qb7 {[%emt 0:01:42]} 31. Bf3 {[%emt 0:00:21]} Kh6 {[%emt 0:01:18]} 32. a5 {[%emt 0:02:27]} bxa5 33. Bc5 {[%emt 0:02:18]} Rd8 {[%emt 0:04:46]} 34. Rxa5 {[%emt 0:00:43]} a6 {[%emt 0:01:19]} 35. Ra2 {[%emt 0:01:28]} Nc8 {[%emt 0:02:23]} 36. Rd4 {[%emt 0:00:27]} Na7 {[%emt 0:00:51]} 37. Kh2 {[%emt 0:03:25]} Nb5 {[%emt 0:02:12]} 38. Rxc4 {[%emt 0:01:47]} dxc4 {[%emt 0:00:38]} 39. Qxd8 {[%emt 0:00:03]} Kh7 {[%emt 0:01:00]} 40. Bd1 {[%emt 0:00:00]} Re8 {[%emt 0:00:00]} 41. Qd2 {[%emt 0:02:22]} Qa8 {[%emt 0:07:22]} 42. Ra1 {[%emt 0:03:17]} Rd8 {[%emt 0:01:19]} 43. Qf2 {[%emt 0:00:09]} Qc8 {[%emt 0:06:44]} 44. Be3 {[%emt 0:00:50]} Bb7 {[%emt 0:00:54]} 45. Bc2 {[%emt 0:02:35]} Qc6 {[%emt 0:01:08]} 46. Rg1 {[%emt 0:00:15]} Nc7 {[%emt 0:02:16]} 47. Qe2 {[%emt 0:00:53]} Kh6 {[%emt 0:00:54]} 48. Ra1 {[%emt 0:10:10]} Ba8 {[%emt 0:01:57]} 49. Qf1 {[%emt 0:01:21]} Nd5 {[%emt 0:03:08]} 50. Bc1 {[%emt 0:04:01]} Ne7 {[%emt 0:03:05]} 51. Ra4 {[%emt 0:01:04]} Rc8 {[%emt 0:00:17]} 52. Be3 {[%emt 0:00:43]} Qb7 {[%emt 0:01:08]} 53. Rb4 {[%emt 0:01:21]} Qd5 {[%emt 0:02:52]} 54. Rb6 {[%emt 0:00:29]} Rc6 {[%emt 0:00:24]} 55. Rb8 {[%emt 0:02:34]} Rc8 {[%emt 0:00:11]} 56. Rb6 {[%emt 0:00:27]} Rc6 {[%emt 0:00:09]} 57. Rb4 {[%emt 0:00:04]} Rc7 {[%emt 0:00:35]} 58. Ra4 {[%emt 0:01:16]} Qc6 {[%emt 0:01:03]} 59. Ra5 {[%emt 0:00:17]} Qb7 {[%emt 0:00:32]} 60. Bc1 {[%emt 0:00:56]} Qb6 {[%emt 0:00:46]} 61. Ra4 {[%emt 0:00:12]} Qc6 {[%emt 0:00:38]} 62. Be3 {[%emt 0:00:47]} Qb7 {[%emt 0:00:51]} 63. Rb4 {[%emt 0:00:50]} Qd5 {[%emt 0:00:12]} 64. Bc1 {[%emt 0:00:05]} Qc6 {[%emt 0:02:06]} 65. Ba4 {[%emt 0:07:12]} Qe4 {[%emt 0:02:11]} 66. Rb6 {[%emt 0:00:05]} Bb7 {[%emt 0:01:23]} 67. Rd6 {[%emt 0:02:37]} Nd5 {[%emt 0:01:44]} 68. Bd1 {[%emt 0:01:37]} Ne7 {[%emt 0:00:57]} 69. Be2 {[%emt 0:00:50]} Rc5 {[%emt 0:01:31]} 70. Rd4 {[%emt 0:00:55]} Qc6 {[%emt 0:00:02]} 71. Bxc4 {[%emt 0:04:08]} Ra5 {[%emt 0:00:38]} 72. Rd6 {[%emt 0:00:30]} Qc7 {[%emt 0:01:25]} 73. Be3 {[%emt 0:00:21]} Nc8 {[%emt 0:01:14]} 74. Rf6 {[%emt 0:04:15]} Ba8 {[%emt 0:00:38]} 75. Bf7 {[%emt 0:00:30]} Qb7 {[%emt 0:00:08]} 76. Bxg6 {[%emt 0:08:09]} Ra1 {[%emt 0:00:19]} 77. Bxf5+ {[%emt 0:00:11]} Kg7 {[%emt 0:00:02]} 78. Rg6+ {[%emt 0:00:06]} Kh8 {[%emt 0:02:30]} 79. Rh6+ {[%emt 0:00:14]} Kg8 {[%emt 0:00:01]} 80. Qc4+ {[%emt 0:00:10]} Qf7 {[%emt 0:00:39]} 81. Qxc8+ {[%emt 0:00:12]} Qf8 {[%emt 0:00:14]} 82. Rh8+ {[%emt 0:00:05]} 1-0

[Event "EYCC Open-U16 2019"]
[Site "Bratislava"]
[Date "2019.08.06"]
[Round "5.18"]
[White "Ivanovic, Marko"]
[Black "Tsoi, Dmitry"]
[Result "0-1"]
[WhiteElo "2267"]
[BlackElo "2314"]
[Annotator "NA"]
[PlyCount "82"]
[EventDate "2019.08.02"]
[EventType "swiss"]
[EventCountry "SVK"]
[SourceTitle "playchess.com"]
[Source "ChessBase"]
[SourceQuality "1"]
[TimeControl "40/5400+30:1800+30"]

1. Nf3 {[%emt 0:00:00]} Nf6 {[%emt 0:03:51]} 2. g3 {[%emt 0:00:00]} d6 {[%emt 0:01:48]} 3. d4 {[%emt 0:00:00]} Nbd7 {[%emt 0:00:59]} 4. c4 {[%emt 0:00:00]} e5 {[%emt 0:00:58]} 5. Nc3 {[%emt 0:00:00]} Be7 {[%emt 0:00:21]} 6. Bg2 {[%emt 0:00:00]} O-O {[%emt 0:00:05]} 7. O-O {[%emt 0:00:00]} c6 {[%emt 0:00:01]} 8. e4 {[%emt 0:00:58]} a5 {[%emt 0:00:24]} 9. h3 {[%emt 0:00:33]} Re8 {[%emt 0:00:20]} 10. Be3 {[%emt 0:00:18]} exd4 {[%emt 0:00:14]} 11. Nxd4 {[%emt 0:00:04]} Nc5 {[%emt 0:00:10]} 12. Qc2 {[%emt 0:00:04]} Qc7 {[%emt 0:01:15]} 13. Rfe1 {[%emt 0:00:14]} Bf8 {[%emt 0:01:53]} 14. Rad1 {[%emt 0:00:04]} Nfd7 {[%emt 0:01:38]} 15. b3 {[%emt 0:09:01]} Nb6 {[%emt 0:04:59]} 16. a3 {[%emt 0:14:57]} a4 {[%emt 0:07:09]} 17. b4 {[%emt 0:00:05]} Nxc4 {[%emt 0:00:21]} 18. bxc5 {[%emt 0:00:48]} dxc5 {[%emt 0:00:48]} 19. Nde2 {[%emt 0:50:06]} Nxe3 {[%emt 0:01:04]} 20. fxe3 {[%emt 0:00:07]} b5 {[%emt 0:00:34]} 21. Nf4 {[%emt 0:00:18]} Be6 {[%emt 0:00:50]} 22. Nxe6 {[%emt 0:06:49]} Rxe6 {[%emt 0:00:06]} 23. Ne2 {[%emt 0:00:07]} c4 {[%emt 0:01:25]} 24. Nd4 {[%emt 0:01:45]} Qxg3 {[%emt 0:05:06]} 25. Nxe6 {[%emt 0:00:06]} fxe6 {[%emt 0:00:04]} 26. Qd2 {[%emt 0:09:35]} Bxa3 {[%emt 0:08:37]} 27. Qd7 {[%emt 0:02:03]} Qe5 {[%emt 0:01:14]} 28. Rf1 {[%emt 0:00:40]} h6 {[%emt 0:00:07]} 29. Qxc6 {[%emt 0:01:36]} Rb8 {[%emt 0:00:28]} 30. Rd7 {[%emt 0:02:35]} Bf8 {[%emt 0:02:56]} 31. Ra7 {[%emt 0:01:59]} Kh7 {[%emt 0:08:04]} 32. Qd7 {[%emt 0:00:37]} Bc5 {[%emt 0:02:05]} 33. Ra6 {[%emt 0:00:20]} Bb6 {[%emt 0:01:22]} 34. Kh1 {[%emt 0:00:35]} c3 {[%emt 0:02:41]} 35. Qc6 {[%emt 0:00:13]} Bc7 {[%emt 0:00:59]} 36. Rf4 {[%emt 0:00:12]} Rd8 {[%emt 0:00:48]} 37. Ra7 {[%emt 0:00:24]} Rd1+ {[%emt 0:00:05]} 38. Bf1 {[%emt 0:00:58]} Bb8 {[%emt 0:09:40]} 39. Rb7 {[%emt 0:00:44]} Rxf1+ {[%emt 0:01:43]} 40. Kg2 {[%emt 0:00:00]} Rb1 {[%emt 0:00:00]} 41. h4 {[%emt 0:06:37]} c2 0-1

[Event "EYCC Open-U16 2019"]
[Site "Bratislava"]
[Date "2019.08.06"]
[Round "5.19"]
[White "Fecker, Noah"]
[Black "Kochavi, Ori"]
[Result "1/2-1/2"]
[WhiteElo "2313"]
[BlackElo "2153"]
[Annotator "NA"]
[PlyCount "38"]
[EventDate "2019.08.02"]
[EventType "swiss"]
[EventCountry "SVK"]
[SourceTitle "playchess.com"]
[Source "ChessBase"]
[SourceQuality "1"]
[TimeControl "40/5400+30:1800+30"]

1. e4 {[%emt 0:00:00]} c6 {[%emt 0:00:00]} 2. d4 {[%emt 0:00:00]} d5 {[%emt 0:00:00]} 3. Nc3 {[%emt 0:00:00]} dxe4 {[%emt 0:00:00]} 4. Nxe4 {[%emt 0:00:00]} Nf6 {[%emt 0:00:00]} 5. Nxf6+ {[%emt 0:00:09]} exf6 {[%emt 0:00:01]} 6. c3 {[%emt 0:00:07]} Bd6 {[%emt 0:00:04]} 7. Bd3 {[%emt 0:00:14]} O-O {[%emt 0:00:04]} 8. Ne2 {[%emt 0:00:45]} Re8 {[%emt 0:00:10]} 9. O-O {[%emt 0:00:14]} Na6 {[%emt 0:00:17]} 10. Bf4 {[%emt 0:14:38]} Nc7 {[%emt 0:03:15]} 11. Qd2 {[%emt 0:05:13]} Bg4 {[%emt 0:17:36]} 12. f3 {[%emt 0:10:47]} Bh5 {[%emt 0:04:15]} 13. Rfe1 {[%emt 0:13:25]} Bg6 {[%emt 0:02:00]} 14. Bxd6 {[%emt 0:01:08]} Qxd6 {[%emt 0:00:03]} 15. Nf4 {[%emt 0:00:25]} c5 {[%emt 0:16:21]} 16. dxc5 {[%emt 0:05:32]} Qxc5+ {[%emt 0:00:08]} 17. Qf2 {[%emt 0:00:44]} Qd6 {[%emt 0:12:36]} 18. Bxg6 {[%emt 0:04:42]} hxg6 {[%emt 0:14:45]} 19. Ne2 {[%emt 0:02:52]} Re5 {[%emt 0:00:08]} 1/2-1/2